Cities in Mexico With Over 1 Million People - Statistics

General Stats
  • This quiz has been taken 54 times
  • The average score is 6 of 12
Answer Stats
Population City % Correct
12,294,193 Mexico City
100%
1,495,182 Guadalajara
90%
1,135,512 Monterrey
84%
1,300,983 Tijuana
73%
1,434,062 Puebla
65%
1,321,004 Juarez
57%
1,238,962 Leon de los Aldama
47%
1,655,015 Ecatepec de Morelos
29%
1,142,483 Zapopan
16%
1,104,585 Ciudad Nezahualcoyotl
10%
1,185,772 Gustavo Adolfo Madero
0%
1,815,786 Iztapalapa
0%
No matching quizzes found
Score Distribution
Percent of People with Each Score
Percentile by Number Answered
Your Score History
You have not taken this quiz